000 00336nam a2200145Ia 4500
008 230917s9999||||xx |||||||||||||| ||und||
040 _e148526
_aMAIN
041 _aEnglish
082 _a810.9 V87L
100 _aVoice of America
245 0 _aLiterature
260 _aMadras
_bHigginbothams
_c1968
300 _a216 p.
942 _cBK
999 _c119381
_d119381